[Event "ALG-ch"]
[Site "Algiers"]
[Date "2016.01.20"]
[Round "7"]
[White "Ouahabi, Mourad"]
[Black "Salim, Djaffer"]
[Result "1/2-1/2"]
[WhiteElo "1864"]
[BlackElo "1738"]
[PlyCount "74"]
[EventDate "2016.01.16"]
[EventType "swiss"]
[EventRounds "9"]
[EventCountry "ALG"]
[SourceTitle "CBM 170 Extra"]
[Source "ChessBase"]
[SourceDate "2016.02.25"]
[SourceVersion "1"]
[SourceVersionDate "2016.02.25"]
[SourceQuality "1"]

1. e4 e5 2. Nf3 Nc6 3. Bc4 Nf6 4. Ng5 d5 5. exd5 Na5 6. Bb5+ Bd7 7. Qe2 Bd6 8. Nc3 c6 9. dxc6 Nxc6 10. Nce4 Be7 11. Nxf6+ Bxf6 12. Ne4 0-0 13. Qd3 Be7 14. Bxc6 Bxc6 15. Qxd8 Rfxd8 16. f3 f5 17. Nf2 e4 18. fxe4 fxe4 19. Ng4 Bh4+ 20. Kd1 Be8 21. Ne3 Bf2 22. Ke2 Bh4 23. g3 Bg5 24. h4 Bh5+ 25. g4 Bxe3 26. gxh5 Bb6 27. b3 Rf8 28. Rh2 Bd4 29. Rb1 Rf5 30. d3 exd3+ 31. Kxd3 Rd8 32. Rd2 Rf3+ 33. Kc4 Rc3+ 34. Kb4 Rc6 35. c4 Rb6+ 36. Ka3 Ra6+ 37. Kb4 Rb6+ 1/2-1/2

[Event "ALG-ch"]
[Site "Algiers"]
[Date "2016.01.19"]
[Round "5"]
[White "Djeddi, Mohamed"]
[Black "Ouahabi, Mourad"]
[Result "1-0"]
[WhiteElo "1987"]
[BlackElo "1864"]
[PlyCount "61"]
[EventDate "2016.01.16"]
[EventType "swiss"]
[EventRounds "9"]
[EventCountry "ALG"]
[SourceTitle "CBM 170 Extra"]
[Source "ChessBase"]
[SourceDate "2016.02.25"]
[SourceVersion "1"]
[SourceVersionDate "2016.02.25"]
[SourceQuality "1"]

1. d4 Nf6 2. Nf3 g6 3. Nc3 Bg7 4. e4 d6 5. Bc4 c6 6. a4 0-0 7. 0-0 Qc7 8. e5 Ng4 9. h3 Nh6 10. Re1 d5 11. Bd3 Be6 12. Bg5 Kh8 13. Qd2 Ng8 14. a5 Na6 15. Na4 Qc8 16. Bxa6 bxa6 17. Nc5 Rb8 18. c3 h6 19. Bf4 Bf5 20. b4 Rb5 21. Qe2 g5 22. g4 gxf4 23. gxf5 Qxf5 24. Kh2 e6 25. Rg1 Qh5 26. Rg2 Ne7 27. Rag1 Ng6 28. Qd3 Rg8 29. Nxe6 Rbb8 30. Rxg6 fxg6 31. Nxf4 1-0

[Event "ALG-ch"]
[Site "Algiers"]
[Date "2016.01.17"]
[Round "2"]
[White "Ouahabi, Mourad"]
[Black "Benelouzzane, Mourad"]
[Result "0-1"]
[WhiteElo "1864"]
[BlackElo "1659"]
[PlyCount "164"]
[EventDate "2016.01.16"]
[EventType "swiss"]
[EventRounds "9"]
[EventCountry "ALG"]
[SourceTitle "CBM 170 Extra"]
[Source "ChessBase"]
[SourceDate "2016.02.25"]
[SourceVersion "1"]
[SourceVersionDate "2016.02.25"]
[SourceQuality "1"]

1. e4 d6 2. d4 Nf6 3. Nc3 e5 4. dxe5 dxe5 5. Bg5 Be6 6. Qxd8+ Kxd8 7. 0-0-0+ Nbd7 8. Nf3 Kc8 9. a3 c6 10. h3 Kc7 11. Be2 b5 12. Bh4 b4 13. axb4 Bxb4 14. Ng5 Bxc3 15. bxc3 Nc5 16. Nxe6+ fxe6 17. f3 a5 18. Bc4 a4 19. Bg3 Nfd7 20. Kd2 Rhb8 21. Ra1 Kd6 22. Bf2 Rb2 23. Rhb1 Rxb1 24. Rxb1 g5 25. Kc1 a3 26. Ra1 h5 27. g4 hxg4 28. hxg4 Rf8 29. Bxc5+ Nxc5 30. Be2 Ra8 31. Bc4 Rf8 32. Be2 Ra8 33. Kd2 Ra4 34. Bd1 Nd7 35. c4 Kc5 36. c3 Ra7 37. Kc2 Nb6 38. Kb3 Nxc4 39. Ra2 Rb7+ 40. Kc2 Rb2+ 41. Rxb2 Ne3+ 42. Kb1 axb2 43. Bb3 Nc4 44. Kc2 Nd2 45. Kxb2 Nxf3 46. Bxe6 Ne1 47. Kc1 Nd3+ 48. Kd2 Nf2 49. Ke3 Nh3 50. Bb3 Nf4 51. Bf7 Kb5 52. Be8 Ne6 53. Bd7 Nc5 54. Be8 Kb6 55. Bf7 Nd7 56. Be6 Nf6 57. Kd3 Kb5 58. Bc4+ Kb6 59. Be6 c5 60. c4 Ka5 61. Bf5 Kb4 62. Bc8 Kb3 63. Bf5 Ne8 64. Be6 Kb2 65. Bd7 Nd6 66. Be6 Nb7 67. Bd5 Na5 68. Kd2 Nb3+ 69. Kd3 Nc1+ 70. Kd2 Na2 71. Be6 Nc3 72. Bd5 Kb3 73. Kd3 Na4 74. Be6 Nb2+ 75. Kd2 Kb4 76. Kc2 Nxc4 77. Kd3 Nd6 78. Bd5 c4+ 79. Kc2 Kc5 80. Kc3 Nb5+ 81. Kc2 Kd4 82. Bc6 Nd6 0-1

[Event "Algiers Algerian Cup"]
[Site "Algiers"]
[Date "2015.10.30"]
[Round "2"]
[White "Ouahabi, Mourad"]
[Black "Nassr, Ali"]
[Result "0-1"]
[WhiteElo "1869"]
[BlackElo "2204"]
[PlyCount "62"]
[EventDate "2015.10.30"]
[EventType "swiss"]
[EventRounds "6"]
[EventCountry "ALG"]
[SourceTitle "EXT 2017"]
[Source "ChessBase"]
[SourceDate "2016.10.25"]
[SourceVersion "1"]
[SourceVersionDate "2016.10.25"]
[SourceQuality "1"]

1. e4 c5 2. Na3 a6 3. g3 Nc6 4. c3 d5 5. exd5 Qxd5 6. Qf3 Qd8 7. Qd1 Nf6 8. Nf3 Bf5 9. Be2 e6 10. 0-0 Be7 11. Re1 h6 12. Nc4 0-0 13. d3 b5 14. Nce5 Nxe5 15. Nxe5 Qc7 16. Bf3 Rad8 17. d4 Nd5 18. Be3 Bf6 19. Ng4 Bxg4 20. Bxg4 e5 21. Rc1 Qb8 22. Qd2 Nxe3 23. fxe3 exd4 24. cxd4 cxd4 25. e4 Bg5 26. Qd3 Bxc1 27. Rxc1 Qe5 28. Rf1 Qg5 29. Rf4 Qc5 30. h4 Qc1+ 31. Bd1 Qe3+ 0-1